| 000 | 01495ngm a22003850a 4500 | ||
|---|---|---|---|
| 001 | PT16372 | ||
| 003 | AR-LpoUNG | ||
| 005 | 20210202000203.0 | ||
| 007 | vd cvaizq | ||
| 008 | 191001s1995||||ag |||||||||||||||||spa d | ||
| 037 | _c$10 | ||
| 040 |
_aAR-LpoUNG _bspa _cAR-LpoUNG _eaacr |
||
| 041 | _aspa | ||
| 044 | _aag | ||
| 082 | 0 | _a282.82 421jai | |
| 100 | 1 |
_aCéspedes, Marcelo _edir. |
|
| 245 | 1 | 0 | _aJaime de Nevares, último viaje |
| 260 |
_aBuenos Aires : _bBlackman, _c[1995]. |
||
| 300 | _aVHS (70 min.) : son., col. | ||
| 505 | 0 | _aGuión: Osvaldo Bayer, Ernesto Lamas ; música: Edgardo Rudnitzky. | |
| 520 | _aDocumental sobre el cura de la Patagonia, la integridad y la lucha del Obispo de Neuquén Jaime de Nevares, su tarea social al lado de los obreros, su participación en la CONADEP, su postura contra los indultos, y la renuncia a su cargo de congresal por el FREPASO durante la reforma de la Constitución; la película se complementa con otros momentos de la vida del cura, y con imágenes desde el sanatorio donde falleció. | ||
| 650 | 4 | _aARGENTINA | |
| 650 | 4 | _aASPECTOS SOCIALES | |
| 650 | 4 | _aBIOGRAFIAS | |
| 650 | 4 | _aPRACTICA RELIGIOSA | |
| 651 | 4 | _aArgentina | |
| 653 | _aDOCUMENTALES | ||
| 653 | _aSERPAC | ||
| 653 | _aVIDEOS | ||
| 700 | 1 |
_aGuarini, Carmen _edir. |
|
| 710 | 2 | _aCine Ojo (Buenos Aires) | |
| 710 | 2 | _aServicio para la Comunicación y Capacitación (Diócesis de Neuquén : Católica) | |
| 905 | _a16372 | ||
| 942 | _cVIDEO | ||
| 999 |
_c54294 _d54294 |
||